000
00348nam a2200145Ia 4500
008
151213s9999 xx 000 0 und d
100
_a
H. S. Pathak
245
_a
The Indian Contact Act
_c
H. S. Pathak
260
_a
Bambay
_b
N. M. Tripath
_c
2004
300
_a
2080 p.
650
_a
Law
650
_a
Law
700
_a
H. S. Pathak
999
_c
1530
_d
1530